| 000 | 00499nam a2200193 a 4500 | ||
|---|---|---|---|
| 005 | 20210219153114.0 | ||
| 008 | 991125n 000 0 u | ||
| 035 | _aUPN01000078224 | ||
| 222 | _aCOMUNICACION EDUCATIVA SEP | ||
| 245 | _aEvaluación y aprendizaje | ||
| 300 | _a17 | ||
| 362 | _a1984 Año 1, no. 10 feb. | ||
| 653 | 0 | _aAPRENDIZAJE | |
| 653 | 0 | _aCALIFICACIONES | |
| 653 | 0 | _aEVALUACION CURRICULAR | |
| 653 | 0 | _aEVALUACION EDUCATIVA | |
| 904 |
_aAC _b016035 |
||
| 905 | _aArticulo | ||
| 999 |
_c68593 _d68593 |
||